000 00634nam a2200217 a 4500
001 BRCA_6210
005 20190320205354.0
008 180711s1890----gw-a######---#000-0#ger-#
041 _ager
044 _agw
050 4 _aPT85
_b.K7 1890
100 1 _aKoenig, Robert
_d1828-1900.
_915615
245 1 0 _aDeutsch Literaturgeschichte
_cvon Robert Koenig.
260 _aBielefeld, Alemania
_bVelhagen & Klasing
_c1890
300 _a2 v.
_bil. (algunas a color), retratos
_c23 cm.
500 _aIncluye índice de normbres
500 _aK69
650 1 4 _aLiteratura Alemana
_eHistoria y crítica
_96160
902 _aGFM
942 _2lcc
_cB
999 _c5897
_d5897